Básne 1

Bibliographic Details
Main Author: Mihálik, Vojtech, 1926-2001 (Author)
Format: Book
Language:Undetermined
PhysicalDescription:384 s.
Published: Bratislava Slovenský spisovateľ 1973

MARC

LEADER 00000nam a2200000 a 4500
001 vtls001356697
003 SK-MaSNL
005 20260301010535.0
008 240314s1973 xo 0 und
035 |a SNK000310185 
040 |a SNK  |b slo  |c SNK  |e AACR2 
044 |a xo  |c SK 
100 1 |a Mihálik, Vojtech,  |d 1926-2001  |4 aut  |9 13821 
245 1 0 |a Básne 1 
260 |a Bratislava  |b Slovenský spisovateľ  |c 1973 
300 |a 384 s. 
958 |a OND 
999 |c 548396  |d 550326 
952 |a SNK  |b SNK  |y PREZ  |7 0  |p 17A0962388  |o snkSC 31965/2  |0 0  |1 0  |4 0  |d 2012-09-26  |l 0  |r 2025-09-26 00:00:00  |w 2026-02-23 
952 |t P60, <04>, [BOOK], {604}  |a SNK  |b SNK  |y VYP  |7 0  |p 17A0184772  |o snkSC 31965/2/D1  |0 0  |1 0  |4 0  |d 1999-03-03  |l 0  |r 2005-01-02 00:00:00  |w 2026-02-23 
952 |a SNKLM  |b SNKLM  |y NEVYP  |7 0  |o snklmMK 6650  |8 3  |0 0  |1 0  |4 0  |d 2007-01-16  |l 0  |r 2026-02-23 13:01:50  |w 2026-02-23